Studio Ghibli Trivia - Statistics

General Stats
  • This quiz has been taken 1,158 times
  • The average score is 10 of 15
Answer Stats
Question Answer % Correct
What is the name of the city that floats in the sky? Laputa
91%
What type of business does Yubaba own? Bathhouse
86%
What type of spirit/neighbour do two sisters find when staying the the countryside? A Totoro
84%
What is the name of Kiki's cat? Jiji
82%
What is Arrietty? A Borrower
78%
Who makes Howl's Castle move? Calcifer
78%
What species are the protagonists of 'Pom Poko'? Racoon
78%
Who is the blonde girl that Anna meets in the Marsh House? Marnie
76%
Who directed the first Ghibli film? Hayao Miyazaki
75%
What do the wolves call Princess Mononoke? San
70%
Who created the orchestral scores of most of the Ghibli films (particularly 'Spirited Away)? Joe Hisaishi
66%
Obaba from 'Nausicaa of the Valley of the Wind' notes that a certain creature's anger represents the anger of the Earth. Which creature is she talking about? The Ohmu
60%
What is the rundown clubhouse in 'From up on Poppy Hill' called? The Latin Quarter
42%
What was the nickname the children of the mountain hamlet gave to the Princess Kaguya? Li'l Bamboo
36%
What kingdom did Arren come from? Enlad
11%
No matching quizzes found
Score Distribution
Percent of People with Each Score
Percentile by Number Answered
Your Score History
You have not taken this quiz